000 00563nam a22002177a 4500
003 OSt
005 20140310184420.0
008 131008t xxu||||| |||| 00| 0 eng d
020 _a9780439841191
050 _aPZ 7
_b.St857Wc 2007
100 _aStilton, Geronimo
245 _aWedding crasher /
_bGeronimo Stilton.
260 _aNew York :
_bScholastic Inc.,
_c2007
300 _a107 p. :
_bill. col. ;
_c20 cm.
521 _aG3
526 _c580
650 _aFiction
_xJuvenile
_926638
942 _2lcc
_cBK-SCHOLAS
999 _c34218
_d34218